[Event "Chamalieres-Saint Affrique"]
[Site "Chamalières"]
[Date "21.10.21"]
[Round "1.1"]
[White "Etchegaray, Patrice"]
[Black "Georgiev, Krum"]
[Result "1-0"]
[WhiteElo "2368"]
[BlackElo "2488"]
[PlyCount "77"]
[EventDate "21.??.??"]
[WhiteTeam "Chamalières"]
[BlackTeam "Saint Affrique"]

1. e4 c5 2. c3 d6 3. d4 Nf6 4. Bd3 Nc6 5. d5 Ne5 6. Nf3 Nxd3+ 7. Qxd3 g6 8. c4
Bg7 9. Nc3 O-O 10. O-O Bg4 11. h3 Bxf3 12. Qxf3 Nd7 13. Bd2 a6 14. a4 Qb6 15.
Qe2 Qb3 16. Ra3 Qxb2 17. Ra2 Qb6 18. Rb1 Qc7 19. Rab2 Rab8 20. f4 b6 21. Rb3
Nf6 22. g4 e6 23. g5 Nd7 24. h4 Qd8 25. Kg2 Qe7 26. Qf3 Rbe8 27. Re1 Qd8 28. h5
f6 29. hxg6 hxg6 30. dxe6 Rxe6 31. Qh3 Re7 32. Nd5 fxg5 33. f5 g4 34. Nxe7+
Qxe7 35. Qxg4 Ne5 36. Qh3 Qb7 37. fxg6 Rf6 38. Qh7+ Kf8 39. Bg5 1-0

[Event "Chamalieres-Saint Affrique"]
[Site "Chamalières"]
[Date "21.10.21"]
[Round "1.2"]
[White "Leygue, Dominique"]
[Black "Robin, Samy"]
[Result "0-1"]
[WhiteElo "2321"]
[BlackElo "2355"]
[PlyCount "80"]
[EventDate "21.??.??"]
[WhiteTeam "Saint Affrique"]

1. e4 e5 2. Nf3 Nc6 3. Nc3 Nf6 4. d4 exd4 5. Nxd4 Bb4 6. Nxc6 bxc6 7. Bd3 d5 8.
exd5 cxd5 9. O-O O-O 10. Bg5 c6 11. Qf3 Be7 12. Rfe1 Re8 13. h3 h6 14. Bh4 Rb8
15. b3 Rb4 16. Bg3 Be6 17. Ne2 c5 18. Rad1 Bc8 19. Be5 Rb6 20. Ng3 Bf8 21. Bc3
Rxe1+ 22. Rxe1 Re6 23. Rxe6 Bxe6 24. Bxf6 Qxf6 25. Qxf6 gxf6 26. c4 d4 27. Nh5
f5 28. Ng3 f4 29. Nh5 Bd6 30. Kf1 f3 31. g4 Be5 32. Be4 Kf8 33. Bxf3 f5 34. Bd5
Bxd5 35. cxd5 f4 36. Ke2 Ke7 37. Kf3 d3 38. h4 Kd6 39. g5 hxg5 40. hxg5 Kxd5
0-1

[Event "Chamalieres-Saint Affrique"]
[Site "Chamalières"]
[Date "21.10.21"]
[Round "1.3"]
[White "Blanc, Sebastien"]
[Black "Boyd, Stephen"]
[Result "0-1"]
[WhiteElo "2137"]
[BlackElo "2333"]
[PlyCount "106"]
[EventDate "21.??.??"]
[WhiteTeam "Chamalières"]
[BlackTeam "Saint Affrique"]

1. d4 g6 2. c4 Bg7 3. e4 d6 4. Nf3 e5 5. Nc3 Nd7 6. Be2 c6 7. O-O Nh6 8. d5 c5
9. a3 O-O 10. b4 f6 11. Nb5 Nf7 12. Ne1 f5 13. Nc3 b6 14. Nd3 Nf6 15. f3 f4 16.
a4 a5 17. bxa5 bxa5 18. Bd2 g5 19. g4 fxg3 20. hxg3 h5 21. Kg2 Bh6 22. Rh1 Kh7
23. Qc2 Rg8 24. Raf1 h4 25. g4 Nh8 26. Qc1 Ng6 27. Nf2 Nf4+ 28. Bxf4 exf4 29.
Bd3 Kh8 30. e5 dxe5 31. Nce4 Bf8 32. Qc3 Nxe4 33. Nxe4 Bd6 34. Rb1 Rg7 35. Rb2
Rb8 36. Rxb8 Bxb8 37. Nxc5 Ba7 38. Nb3 Qe8 39. Qxa5 Bxg4 40. fxg4 e4 41. Re1
Be3 42. Qc3 exd3 43. Nc5 d2 44. Qxd2 Qc8 45. Rxe3 Qxg4+ 46. Kh1 fxe3 47. Qxe3
Rf7 48. Ne6 Qd1+ 49. Kh2 Qc2+ 50. Kh3 Qf5+ 51. Kh2 g4 52. Qd4+ Kg8 53. Qe3 g3+
0-1

[Event "Chamalieres-Saint Affrique"]
[Site "Chamalières"]
[Date "21.10.21"]
[Round "1.4"]
[White "Laclau, Daniel"]
[Black "Ollier, Pablo"]
[Result "1-0"]
[WhiteElo "2261"]
[BlackElo "2131"]
[PlyCount "87"]
[EventDate "21.??.??"]
[WhiteTeam "Saint Affrique"]

1. d4 Nf6 2. Nf3 e6 3. c4 b6 4. g3 Bb7 5. Bg2 Be7 6. O-O O-O 7. d5 exd5 8. Nh4
c6 9. cxd5 Nxd5 10. Nf5 Nc7 11. e4 d5 12. Nc3 Bf6 13. exd5 Nxd5 14. Nxd5 cxd5
15. Ne3 Nc6 16. Nxd5 Na5 17. Rb1 Bg5 18. f4 Be7 19. b3 Rc8 20. Bb2 Bxd5 21.
Bxd5 Bf6 22. Qf3 Rc2 23. Rbd1 Rxb2 24. Bxf7+ Kxf7 25. Rxd8 Rxd8 26. Rd1 Rxd1+
27. Qxd1 Rxa2 28. Qd5+ Kg6 29. g4 Ra1+ 30. Kg2 h6 31. Qf5+ Kf7 32. g5 hxg5 33.
fxg5 Ra2+ 34. Kf3 Ra3 35. gxf6 Rxb3+ 36. Kg4 gxf6 37. Qd7+ Kg6 38. Qe8+ Kg7 39.
Qe7+ Kg6 40. h4 f5+ 41. Kf4 a6 42. h5+ Kh6 43. Qf6+ Kh7 44. Qf7+ 1-0

[Event "Chamalieres-Saint Affrique"]
[Site "Chamalières"]
[Date "21.10.21"]
[Round "1.5"]
[White "Gorce, Guillaume"]
[Black "Bosc, Sebastien"]
[Result "1/2-1/2"]
[WhiteElo "1980"]
[BlackElo "2033"]
[PlyCount "38"]
[EventDate "21.??.??"]
[WhiteTeam "Chamalières"]
[BlackTeam "Saint Affrique"]

1. d4 d5 2. c4 e6 3. Nc3 Nf6 4. Nf3 Be7 5. Bg5 O-O 6. e3 b6 7. Rc1 h6 8. Bh4
Bb7 9. Be2 dxc4 10. Bxc4 Nbd7 11. O-O c5 12. Qe2 Ne4 13. Bxe7 Qxe7 14. Rfd1
Ndf6 15. Nxe4 Nxe4 16. Ne5 cxd4 17. Rxd4 Rfd8 18. Rcd1 Rxd4 19. Rxd4 Rd8
1/2-1/2

[Event "Chamalieres-Saint Affrique"]
[Site "Chamalières"]
[Date "21.10.21"]
[Round "1.6"]
[White "Pech, Gilles"]
[Black "Mazel, Jacky"]
[Result "0-1"]
[WhiteElo "2077"]
[BlackElo "1884"]
[PlyCount "26"]
[EventDate "21.??.??"]
[WhiteTeam "Saint Affrique"]

1. d4 d5 2. c4 c6 3. cxd5 cxd5 4. Nc3 Nf6 5. Bf4 e6 6. e3 Be7 7. Nf3 O-O 8. Bd3
a6 9. Qc2 Nc6 10. a3 Bd7 11. g4 g6 12. h3 Rc8 13. O-O Re8 0-1

[Event "Chamalieres-Saint Affrique"]
[Site "Chamalières"]
[Date "21.10.21"]
[Round "1.7"]
[White "Ohresser, Olivier"]
[Black "Pous, Vincent"]
[Result "0-1"]
[WhiteElo "1920"]
[BlackElo "2063"]
[PlyCount "104"]
[EventDate "21.??.??"]
[WhiteTeam "Chamalières"]
[BlackTeam "Saint Affrique"]

1. d4 Nf6 2. Bg5 c5 3. d5 Qb6 4. Bc1 e6 5. Nc3 Nxd5 6. Nxd5 exd5 7. Qxd5 Nc6 8.
Nf3 Be7 9. e3 Nb4 10. Qb3 Qg6 11. Kd1 O-O 12. a3 Nc6 13. Qd3 f5 14. Bd2 d5 15.
Bc3 Be6 16. Kc1 c4 17. Qd2 b5 18. Nd4 Nxd4 19. Bxd4 a5 20. c3 b4 21. axb4 axb4
22. Rxa8 Rxa8 23. cxb4 Ra1+ 24. Kc2 f4+ 25. Kc3 Ra4 26. Bc5 fxe3 27. fxe3 Qf6+
28. Qd4 Qf7 29. Bxe7 Qxe7 30. Qb6 Qf6+ 31. Qd4 Qf2 32. Qd2 Qxd2+ 33. Kxd2 Rxb4
34. e4 d4 35. Kc2 Kf7 36. g3 d3+ 37. Kc1 Kf6 38. Bg2 Ke5 39. Rf1 Kd4 40. Rf8
Ke3 41. Bf3 Bd7 42. Bd1 g5 43. e5 Ba4 44. Bxa4 Rxa4 45. Kb1 Ra6 46. Rf7 Ke2 47.
Rd7 Re6 48. Rd5 h5 49. h4 g4 50. Rd4 Rxe5 51. Rxc4 d2 52. Rc2 Ke1 0-1

[Event "Chamalieres-Saint Affrique"]
[Site "Chamalières"]
[Date "21.10.21"]
[Round "1.8"]
[White "Vignette, Jeanne"]
[Black "Revidon, Laetitia"]
[Result "0-1"]
[WhiteElo "1610"]
[BlackElo "1747"]
[PlyCount "146"]
[EventDate "21.??.??"]
[WhiteTeam "Saint Affrique"]

1. e4 e5 2. Nf3 Nc6 3. Bc4 Nf6 4. Nc3 Nxe4 5. Nxe4 d5 6. Bd3 dxe4 7. Bxe4 Ne7
8. c3 f5 9. Bc2 Ng6 10. d4 exd4 11. cxd4 Bb4+ 12. Bd2 Qe7+ 13. Qe2 Bxd2+ 14.
Nxd2 Qxe2+ 15. Kxe2 O-O 16. Rhe1 Re8+ 17. Kf1 Bd7 18. Nf3 Rad8 19. Ne5 Bb5+ 20.
Bd3 Bxd3+ 21. Nxd3 Rxe1+ 22. Rxe1 Rxd4 23. Nc5 Rb4 24. b3 Kf7 25. Ne6 c6 26.
Ng5+ Kf6 27. Nxh7+ Kf7 28. Ng5+ Kf6 29. Nf3 Ne7 30. Ne5 Nd5 31. Nd3 Rd4 32. Nc5
b6 33. Nd7+ Kg5 34. g3 Nc3 35. h4+ Kh5 36. Re5 Rxd7 37. Rxf5+ Kg6 38. g4 Nxa2
39. h5+ Kh6 40. f4 Nc3 41. Rf8 g6 42. hxg6 Kxg6 43. f5+ Kg7 44. Re8 Nd5 45. g5
Kf7 46. Rh8 Ne3+ 47. Kf2 Nxf5 48. Rh7+ Ke6 49. g6 Rg7 50. Kf3 a5 51. Rxg7 Nxg7
52. Ke4 b5 53. Kd3 Kd5 54. Kc3 Kc5 55. Kb2 Kb4 56. Kc2 c5 57. Kb2 c4 58. bxc4
bxc4 59. Kc2 a4 60. Kb2 a3+ 61. Ka2 c3 62. Kb1 Kb3 63. Ka1 Kc2 64. Ka2 Kd2 65.
Kxa3 c2 66. Kb4 c1=Q 67. Kb5 Kd3 68. Kb6 Kd4 69. Kb7 Kd5 70. Kb8 Kd6 71. Ka7
Qb2 72. Ka6 Kc6 73. Ka5 Qb5# 0-1

[Event "Echiquier Bordelais-Tournefeuille"]
[Site "Chamalières"]
[Date "2007.10.21"]
[Round "1.1"]
[White "Lemeaux, David"]
[Black "Drenchev, Petar"]
[Result "1/2-1/2"]
[WhiteElo "2227"]
[BlackElo "2444"]
[PlyCount "72"]
[EventDate "21.??.??"]

1. d4 Nf6 2. c4 e6 3. Nf3 c5 4. Nc3 d5 5. Bg5 dxc4 6. e4 cxd4 7. Qxd4 Qxd4 8.
Nxd4 a6 9. Bxf6 gxf6 10. Bxc4 Rg8 11. g3 Bd7 12. O-O-O Nc6 13. Nc2 Rc8 14. Kb1
Nb4 15. Bb3 Nxc2 16. Bxc2 Bc5 17. f4 Ke7 18. Ne2 h5 19. f5 Bd6 20. Rd2 Rc7 21.
fxe6 fxe6 22. Nf4 Bxf4 23. gxf4 Bc6 24. Re1 Rd7 25. Kc1 Rg4 26. Rf2 h4 27. Rd1
Rxd1+ 28. Kxd1 e5 29. fxe5 fxe5 30. Re2 Kf6 31. Kd2 Kg5 32. Ke3 Rg1 33. Bd3 Bd7
34. Rf2 Be6 35. a3 Re1+ 36. Re2 Rxe2+ 1/2-1/2

[Event "Echiquier Bordelais-Tournefeuille"]
[Site "Chamalières"]
[Date "2007.10.21"]
[Round "1.2"]
[White "Sanchez, Nicolas"]
[Black "Daumens, Michel"]
[Result "1-0"]
[WhiteElo "2201"]
[BlackElo "2205"]
[PlyCount "47"]
[EventDate "21.??.??"]

1. d4 f5 2. c4 Nf6 3. Nf3 g6 4. g3 Bg7 5. Bg2 d6 6. O-O O-O 7. Nc3 c6 8. d5 c5
9. Re1 Na6 10. e4 Nxe4 11. Nxe4 fxe4 12. Ng5 Nc7 13. Bxe4 b5 14. Nxh7 Rf5 15.
Bxf5 Bxf5 16. g4 Bd7 17. Bg5 Kxh7 18. Rxe7 Qc8 19. Qf3 Bxg4 20. Rxg7+ Kxg7 21.
Qf6+ Kg8 22. Qxg6+ Kf8 23. Bh6+ Ke7 24. Qg7+ 1-0

[Event "Echiquier Bordelais-Tournefeuille"]
[Site "Chamalières"]
[Date "2007.10.21"]
[Round "1.3"]
[White "Passager, Jean Pierre"]
[Black "Garrel, Alain"]
[Result "1-0"]
[WhiteElo "2217"]
[BlackElo "2157"]
[PlyCount "78"]
[EventDate "21.??.??"]

1. d4 Nf6 2. c4 e5 3. dxe5 Ng4 4. Bf4 Bb4+ 5. Nd2 Nc6 6. Ngf3 Qe7 7. e3 Ngxe5
8. Nxe5 Nxe5 9. Be2 O-O 10. O-O Ng6 11. Bg3 Bd6 12. Bxd6 Qxd6 13. Qc2 Qe7 14.
c5 d6 15. cxd6 Qxd6 16. Nc4 Qf6 17. Rfd1 Bf5 18. Qc3 Qxc3 19. bxc3 Rad8 20. Na5
Bc2 21. Rd4 b6 22. Nc6 Rxd4 23. cxd4 a5 24. Rc1 Be4 25. Na7 c6 26. Nxc6 Rc8 27.
Bf3 Bxf3 28. gxf3 Kf8 29. Rc4 b5 30. Rc5 a4 31. Kf1 Ne7 32. Nb4 Rxc5 33. dxc5
Ke8 34. Ke2 Kd7 35. Kd3 Nc6 36. Nc2 Ne5+ 37. Ke4 Nc4 38. Kd5 Nd2 39. f4 Nb3 1-0

[Event "Echiquier Bordelais-Tournefeuille"]
[Site "Chamalières"]
[Date "2007.10.21"]
[Round "1.4"]
[White "Lacroix, Romain"]
[Black "Quillien, Emmanuel"]
[Result "1-0"]
[WhiteElo "2170"]
[BlackElo "2154"]
[PlyCount "75"]
[EventDate "21.??.??"]

1. e4 c5 2. Nc3 Nc6 3. f4 g6 4. Nf3 Bg7 5. Bb5 Nd4 6. O-O a6 7. Bd3 d6 8. Nxd4
cxd4 9. Ne2 Nf6 10. b3 Bg4 11. h3 Bxe2 12. Qxe2 Nd7 13. Bb2 Nc5 14. Qf2 Nxd3
15. cxd3 Qb6 16. e5 dxe5 17. fxe5 O-O 18. Bxd4 Qb5 19. Qe3 Rfd8 20. Rac1 Rd5
21. Rc5 Qd7 22. Rxd5 Qxd5 23. Bc3 Rd8 24. Qf3 Qxf3 25. Rxf3 Rd5 26. d4 f6 27.
Re3 b5 28. Kf1 Kf7 29. e6+ Kg8 30. Bb4 Bf8 31. Bc5 f5 32. b4 Kg7 33. Ra3 Kf6
34. Rxa6 f4 35. Rb6 g5 36. Ke2 h5 37. Rxb5 g4 38. Bxe7+ 1-0

[Event "Echiquier Bordelais-Tournefeuille"]
[Site "Chamalières"]
[Date "2007.10.21"]
[Round "1.5"]
[White "Faber, Michel"]
[Black "De Barros, Frederic"]
[Result "1/2-1/2"]
[WhiteElo "2240"]
[BlackElo "2132"]
[PlyCount "77"]
[EventDate "21.??.??"]

1. c4 g6 2. Nc3 Bg7 3. g3 c5 4. Bg2 Nf6 5. d3 Nc6 6. Bg5 h6 7. Bd2 O-O 8. Rb1
e6 9. a3 d5 10. Nf3 dxc4 11. dxc4 e5 12. O-O Be6 13. b3 e4 14. Ne1 Bf5 15. Nc2
Qd7 16. Be3 Qxd1 17. Rbxd1 b6 18. h3 h5 19. Nd5 Na5 20. Ne7+ Kh7 21. Nxf5 gxf5
22. Rb1 Rad8 23. Bg5 Kg6 24. Bf4 Bh6 25. Bxh6 Kxh6 26. Ne3 Kg6 27. b4 cxb4 28.
axb4 Nc6 29. b5 Na5 30. Rfd1 Rxd1+ 31. Rxd1 Rc8 32. Rd4 Nb7 33. h4 Rd8 34. Rxd8
Nxd8 35. Bh3 Ng4 36. Nd5 Ne5 37. Ne3 Ng4 38. Nd5 Ne5 39. Ne3 1/2-1/2

[Event "Echiquier Bordelais-Tournefeuille"]
[Site "Chamalières"]
[Date "2007.10.21"]
[Round "1.6"]
[White "Faure, Nicolas"]
[Black "Lagunes, Jean Renaud"]
[Result "1/2-1/2"]
[WhiteElo "2054"]
[BlackElo "2078"]
[PlyCount "125"]
[EventDate "21.??.??"]

1. e4 d5 2. exd5 Qxd5 3. Nc3 Qa5 4. d4 Nf6 5. Bc4 Bg4 6. Nf3 Nc6 7. h3 Bh5 8.
g4 Bg6 9. Bd2 O-O-O 10. d5 Nb4 11. Bb3 Qa6 12. Bg5 Nbxd5 13. Qe2 Qxe2+ 14. Kxe2
Nxc3+ 15. bxc3 e6 16. Ne5 Bd6 17. Nxg6 hxg6 18. c4 Be5 19. Rab1 Rd7 20. f3 c6
21. Bxf6 Bxf6 22. Rbd1 Rxd1 23. Kxd1 g5 24. a4 Kc7 25. Ke2 a5 26. Ke3 Kb6 27.
Rd1 Kc7 28. Rh1 Be7 29. Ke4 Bd6 30. Ke3 Kb6 31. Kf2 Bf4 32. Rd1 Kc7 33. Kg2 Bd6
34. Rd3 Bc5 35. Rd1 Bd6 36. Rd3 Rb8 37. Rd4 Bf4 38. Rd3 Re8 39. Rd1 Ra8 40. Rd3
Bd6 41. Rd4 Rb8 42. Rd3 Rd8 43. Rd1 Kb6 44. Rd4 Kc5 45. Rd3 Rb8 46. Rd1 Ra8 47.
Re1 Ra6 48. Re4 Rb6 49. Re1 Rb4 50. Ra1 Be5 51. Rd1 Bd4 52. Rd3 b5 53. cxb5
cxb5 54. c3 Rxb3 55. cxd4+ Kc4 56. Rxb3 bxa4 57. Re3 Kb4 58. Kf2 a3 59. Re2 a4
60. Ke3 Kb3 61. Rd2 a2 62. Rd3+ Kb4 63. Rd1 1/2-1/2

[Event "Echiquier Bordelais-Tournefeuille"]
[Site "Chamalières"]
[Date "2007.10.21"]
[Round "1.7"]
[White "Labeyrie, Vincent"]
[Black "Laurain, Dominique"]
[Result "0-1"]
[WhiteElo "2080"]
[BlackElo "2027"]
[PlyCount "54"]
[EventDate "21.??.??"]

1. e4 e6 2. d4 d5 3. Nc3 Bb4 4. Nge2 dxe4 5. a3 Bxc3+ 6. Nxc3 Nc6 7. Bb5 Nge7
8. Bg5 f6 9. Be3 O-O 10. Qd2 e5 11. d5 Nb8 12. Bc4 Nf5 13. O-O-O Nd6 14. Be2 b6
15. h4 Ba6 16. f4 Bxe2 17. Qxe2 Nd7 18. g4 Qe7 19. f5 a5 20. g5 Nxf5 21. gxf6
Nxf6 22. Bg5 Ng3 23. Qg2 Nxh1 24. Rxh1 Qf7 25. h5 Nxd5 26. Nxe4 Qf3 27. Nf6+
Rxf6 0-1

[Event "Echiquier Bordelais-Tournefeuille"]
[Site "Chamalières"]
[Date "2007.10.21"]
[Round "1.8"]
[White "Cwiek, Perrine"]
[Black "Soissong, Elzbieta"]
[Result "1-0"]
[WhiteElo "1766"]
[BlackElo "1540"]
[PlyCount "69"]
[EventDate "21.??.??"]

1. e4 e5 2. Nf3 Nf6 3. Nc3 Nc6 4. Bb5 Bb4 5. d3 O-O 6. Bxc6 dxc6 7. O-O Bg4 8.
Bg5 a6 9. h3 Bh5 10. g4 Bg6 11. Nxe5 Bc5 12. Qf3 Qd6 13. Bxf6 gxf6 14. Nc4 Qe6
15. Ne2 Rad8 16. Nf4 Qd7 17. Kh1 b5 18. Ne3 Bxe3 19. fxe3 Qd6 20. Nh5 f5 21.
gxf5 Bxh5 22. Qxh5 Kh8 23. Rf4 Qf6 24. Rh4 Qxh4 25. Qxh4 Rg8 26. Rg1 Rxg1+ 27.
Kxg1 Rd6 28. Qe7 Kg7 29. Qxc7 Rh6 30. Qe5+ Kf8 31. f6 Rg6+ 32. Kh2 h6 33. Qe7+
Kg8 34. Qe8+ Kh7 35. Qxf7+ 1-0

[Event "L'Isle sur la Sorgue-Monaco"]
[Site "?"]
[Date "2007.10.21"]
[Round "1.1"]
[White "Dimitrov, Christo"]
[Black "Efimov, Igor"]
[Result "1-0"]
[WhiteElo "2269"]
[BlackElo "2446"]
[PlyCount "91"]
[EventDate "2007.10.29"]

1. e4 g6 2. d4 Bg7 3. Nc3 d6 4. g3 Nc6 5. Be3 Nf6 6. h3 e5 7. Nge2 Bd7 8. Bg2
Qc8 9. Qd2 O-O 10. g4 exd4 11. Nxd4 Re8 12. O-O-O Rb8 13. g5 Nh5 14. Bf3 Ne5
15. Bxh5 gxh5 16. Qe2 c6 17. f4 Ng6 18. f5 b5 19. fxg6 hxg6 20. Bf4 b4 21. Nb1
c5 22. Nf3 Bb5 23. Qe3 Qa6 24. Rxd6 Qxa2 25. e5 c4 26. c3 Ba4 27. Nd4 Bf8 28.
Ra6 bxc3 29. Qxc3 Bb4 30. Qc2 c3 31. b3 Qa3+ 32. Kd1 Bxb3 33. Nxb3 Red8+ 34.
Rd6 Qxb3 35. Qxb3 Bxd6 36. Qxb8 Bxb8+ 37. Kc2 Kf8 38. Nxc3 Ke7 39. Ra1 Rd4 40.
Ne2 Rd5 41. Nc3 Rd4 42. Ra6 Rd7 43. e6 Rd8 44. Bxb8 Rxb8 45. Nd5+ Ke8 46. e7
1-0

[Event "L'Isle sur la Sorgue-Monaco"]
[Site "?"]
[Date "2007.10.21"]
[Round "1.2"]
[White "Van Hoolandt, Patrick"]
[Black "Weill, Roland"]
[Result "1/2-1/2"]
[WhiteElo "2245"]
[BlackElo "2220"]
[PlyCount "112"]
[EventDate "2007.10.29"]

1. d4 d6 2. c4 e5 3. Nc3 Nd7 4. Nf3 g6 5. e4 Bg7 6. Be2 Ngf6 7. O-O O-O 8. Qc2
c6 9. d5 c5 10. a3 a6 11. b4 Qc7 12. Rb1 cxb4 13. axb4 b5 14. Nd2 bxc4 15. Nxc4
Nb6 16. Nxb6 Qxb6 17. Be3 Qc7 18. Rfc1 Bd7 19. Qb3 Qb7 20. f3 Rfc8 21. Na4
Rxc1+ 22. Rxc1 Rb8 23. Nb6 Be8 24. Qa3 Bh6 25. Bxh6 Qxb6+ 26. Be3 Qxb4 27. Qxb4
Rxb4 28. Bh6 Rb8 29. Bxa6 Ba4 30. Ra1 Bd7 31. Bf1 Rb7 32. g4 Ne8 33. Ra8 f6 34.
h4 Kf7 35. Kf2 Ke7 36. Kg3 Kf7 37. Ba6 Rc7 38. Bd3 Rb7 39. Ba6 Rc7 40. Rb8 Ke7
41. Be3 f5 42. gxf5 gxf5 43. exf5 Bxf5 44. Bb6 Rc3 45. Bd8+ Kf8 46. Kf2 e4 47.
fxe4 Bxe4 48. Bb5 Bxd5 49. Bg5 Bf7 50. Bh6+ Ke7 51. Bg5+ Kf8 52. Bh6+ Ke7 53.
Rb7+ Nc7 54. Bg5+ Kf8 55. Bh6+ Ke7 56. Bg5+ Kf8 1/2-1/2

[Event "L'Isle sur la Sorgue-Monaco"]
[Site "?"]
[Date "2007.10.21"]
[Round "1.3"]
[White "Moncamp, Gilles"]
[Black "Rouchouse, Stevens"]
[Result "1-0"]
[WhiteElo "2207"]
[BlackElo "2203"]
[PlyCount "88"]
[EventDate "2007.10.29"]

1. e4 c5 2. Nf3 e6 3. c3 d5 4. exd5 Qxd5 5. d4 cxd4 6. cxd4 Nc6 7. Nc3 Bb4 8.
Bd3 Nf6 9. O-O Qh5 10. Ne4 Nxe4 11. Bxe4 Bd7 12. Ne5 Qxd1 13. Rxd1 Bd6 14. Nxd7
Kxd7 15. d5 exd5 16. Bxd5 f6 17. Bxc6+ Kxc6 18. Be3 Rhd8 19. Rac1+ Kb5 20. Kf1
b6 21. Rd5+ Bc5 22. Rh5 g6 23. Rxh7 Bxe3 24. fxe3 Rd2 25. Rf7 f5 26. Rg7 f4 27.
exf4 Rf8 28. Rxg6 Rxf4+ 29. Kg1 Rxb2 30. a3 Ra2 31. Rb1+ Ka4 32. Rb4+ Rxb4 33.
axb4 Kxb4 34. h4 Rd2 35. h5 Rd8 36. h6 Kc5 37. h7 Rh8 38. Rg7 a5 39. g4 a4 40.
g5 a3 41. g6 b5 42. Rc7+ Kb6 43. Rc1 a2 44. g7 Rc8 1-0

[Event "L'Isle sur la Sorgue-Monaco"]
[Site "?"]
[Date "2007.10.21"]
[Round "1.4"]
[White "Gentilleau, Jean Philippe"]
[Black "Sibirko, Ivan"]
[Result "1/2-1/2"]
[WhiteElo "2181"]
[BlackElo "2066"]
[PlyCount "43"]
[EventDate "2007.10.29"]

1. e4 e6 2. d4 d5 3. Nc3 Nf6 4. Bg5 dxe4 5. Nxe4 Be7 6. Bxf6 Bxf6 7. Nf3 O-O 8.
c3 Nd7 9. Bd3 e5 10. O-O exd4 11. Nxf6+ Nxf6 12. Nxd4 c5 13. Ne2 Qc7 14. Ng3
Bg4 15. Qa4 Qd7 16. Qxd7 Bxd7 17. Be4 Nxe4 18. Nxe4 Rae8 19. Rfe1 b6 20. f3 Be6
21. a3 Bb3 22. Rac1 1/2-1/2

[Event "L'Isle sur la Sorgue-Monaco"]
[Site "?"]
[Date "2007.10.21"]
[Round "1.5"]
[White "Lallement, Victor"]
[Black "Ribbegren, Karl"]
[Result "1/2-1/2"]
[WhiteElo "2074"]
[BlackElo "2190"]
[PlyCount "78"]
[EventDate "2007.10.29"]

1. e4 g6 2. d4 Bg7 3. Nf3 d6 4. Bc4 Nc6 5. Ng5 Nh6 6. c3 O-O 7. f4 Bg4 8. Be2
Bxe2 9. Qxe2 e6 10. Be3 Qd7 11. O-O f6 12. Nf3 f5 13. e5 Rad8 14. Na3 Nf7 15.
Rad1 Qe7 16. Bf2 h6 17. Bh4 g5 18. fxg5 Nxg5 19. Bxg5 hxg5 20. exd6 cxd6 21. d5
Ne5 22. dxe6 Nxf3+ 23. Rxf3 g4 24. Rfd3 Rf6 25. Rxd6 Rxd6 26. Rxd6 Qxd6 27. e7
Re6 28. e8=Q+ Rxe8 29. Qxe8+ Bf8 30. Qe2 Qb6+ 31. Kf1 Qh6 32. g3 Qc1+ 33. Kg2
Bxa3 34. bxa3 Qxc3 35. Qe6+ Kg7 36. Qe7+ Kg6 37. Qe8+ Kg7 38. Qe7+ Kg6 39. Qe8+
Kg7 1/2-1/2

[Event "L'Isle sur la Sorgue-Monaco"]
[Site "?"]
[Date "2007.10.21"]
[Round "1.6"]
[White "Birens, Eric Andre"]
[Black "Vander Beeken, Mihail"]
[Result "0-1"]
[WhiteElo "2040"]
[BlackElo "2106"]
[PlyCount "76"]
[EventDate "2007.10.29"]

1. d4 e6 2. c4 Bb4+ 3. Nc3 f5 4. Bf4 Nf6 5. e3 Bxc3+ 6. bxc3 d6 7. Nf3 b6 8.
Bd3 Bb7 9. O-O Nbd7 10. c5 bxc5 11. Ng5 Qe7 12. Qb3 Bd5 13. c4 Be4 14. Bxe4
fxe4 15. Nxe4 Nxe4 16. Qb7 O-O 17. Qxe4 Rab8 18. Bg3 Rb4 19. Qc6 Nb8 20. Qa8 c6
21. dxc5 Qd7 22. Bxd6 Rd8 23. Rab1 Na6 24. Qxd8+ Qxd8 25. Rxb4 Nxb4 26. Rb1 Qa5
27. h3 Qa4 28. Be5 a5 29. Kh2 Qc2 30. Rb2 Qxc4 31. a3 Qxc5 32. f4 Nd5 33. Rb8+
Kf7 34. Rb7+ Ne7 35. Rd7 Ke8 36. Bd6 Qd5 37. e4 Kxd7 38. exd5 Kxd6 0-1

[Event "L'Isle sur la Sorgue-Monaco"]
[Site "?"]
[Date "2007.10.21"]
[Round "1.7"]
[White "Penalver, Francois"]
[Black "Roussiere, Christophe"]
[Result "0-1"]
[WhiteElo "1876"]
[BlackElo "2108"]
[PlyCount "106"]
[EventDate "2007.10.29"]

1. e4 e5 2. Nf3 Nc6 3. Bc4 Nf6 4. d3 Bc5 5. c3 d6 6. Bb3 Qe7 7. Qe2 Bd7 8. Be3
O-O-O 9. Bxc5 dxc5 10. Nbd2 Nh5 11. O-O-O Nf4 12. Qf1 Be6 13. Bxe6+ Qxe6 14.
Nb3 c4 15. dxc4 Rxd1+ 16. Kxd1 Qg6 17. Nfd2 Rd8 18. Kc2 f5 19. f3 Nxg2 20. Qf2
fxe4 21. fxe4 Nf4 22. Qg3 Qf7 23. Rg1 g6 24. Qg4+ Kb8 25. Rf1 h5 26. Qh4 Qd7
27. Rf3 a5 28. Qf2 g5 29. Qe3 g4 30. Rf2 b6 31. Nc1 Ne7 32. b3 Qc6 33. c5 b5
34. b4 a4 35. a3 Qe6 36. Rxf4 exf4 37. Qxf4 Rg8 38. Qf1 c6 39. Qf4+ Kb7 40. Nf1
h4 41. Ne3 g3 42. hxg3 hxg3 43. Ng2 Rg4 44. Qd6 Qxe4+ 45. Kd1 Qf3+ 46. Ne2 Qd5+
47. Qxd5 Nxd5 48. Kd2 Kc7 49. Kd3 Kd7 50. Nd4 Nf4+ 51. Nxf4 Rxf4 52. Ke3 g2 53.
Ne2 Rf1 0-1

[Event "L'Isle sur la Sorgue-Monaco"]
[Site "?"]
[Date "2007.10.21"]
[Round "1.8"]
[White "Lebel Arias, Julia"]
[Black "Khelif, Jihane"]
[Result "1-0"]
[WhiteElo "1948"]
[BlackElo "1790"]
[Annotator "Rivier,Sylvain"]
[PlyCount "42"]
[EventDate "2007.10.29"]

1. b3 Nf6 2. Bb2 d5 3. e3 Bf5 4. Nf3 Nc6 5. Bb5 a6 6. Bxc6+ bxc6 7. d3 c5 8.
O-O c4 9. dxc4 dxc4 10. Qe2 cxb3 11. axb3 Qd6 12. Nc3 Nd5 13. Nxd5 Qxd5 14.
Rfd1 Qb7 15. Nd4 Bd7 16. e4 e5 17. Nf5 g6 18. Bxe5 Rg8 19. Ng3 h5 20. Qc4 Be6
21. Qc3 c5 {suite illisible} 1-0